100 Russian Biggest Cities (Updated) Quiz - Statistics

General Stats
  • This quiz has been taken 37 times
  • The average score is 63 of 100
Answer Stats
Rank Answer Population in 2021 % Correct
1. Moscow 13,010,112
100%
2. St. Petersburg 5,601,911
100%
6. Nizhny Novgorod 1,228,199
96%
26. Vladivostok 603,519
96%
16. Volgograd 1,028,036
96%
15. Perm 1,034,002
93%
9. Samara 1,173,299
93%
10. Ufa 1,144,809
93%
7. Chelyabinsk 1,189,525
89%
5. Kazan 1,308,660
89%
3. Novosibirsk 1,633,595
89%
13. Krasnodar 1,099,344
86%
71. Murmansk 270,384
86%
4. Yekaterinburg 1,544,376
86%
66. Arkhangelsk 301,199
82%
11. Rostov on Don 1,142,162
82%
43. Sochi 466,078
82%
52. Vladimir 349,951
82%
14. Voronezh 1,057,681
82%
23. Khabarovsk 617,441
79%
12. Omsk 1,125,695
79%
40. Astrakhan 475,629
75%
57. Grozny 328,533
75%
25. Irkutsk 617,264
75%
39. Kaliningrad 490,449
75%
8. Krasnoyarsk 1,187,771
75%
36. Penza 501,109
75%
17. Saratov 901,361
75%
29. Tomsk 556,478
75%
41. Tula 473,622
75%
18. Tyumen 847,488
75%
44. Kursk 440,052
71%
22. Makhachkala 623,254
71%
59. Smolensk 316,570
71%
19. Tolyatti 684,709
71%
45. Ulan-Ude 437,565
71%
51. Yakutsk 355,443
71%
20. Barnaul 630,877
68%
21. Izhevsk 623,472
68%
38. Lipetsk 496,403
68%
32. Orenburg 543,654
68%
74. Tambov 261,803
68%
46. Tver 416,219
68%
53. Belgorod 339,978
64%
56. Chita 334,427
64%
28. Kemerovo 557,119
64%
72. Kostroma 267,481
64%
63. Kurgan 310,911
64%
34. Ryazan 528,599
64%
31. Stavropol 547,443
64%
27. Yaroslavl 577,279
64%
50. Ivanovo 361,644
61%
55. Kaluga 337,058
61%
42. Kirov 468,212
61%
33. Novokuznetsk 537,480
61%
65. Oryol 303,169
61%
93. Pskov 193,082
61%
62. Vologda 313,944
61%
80. Blagoveshchensk 241,437
57%
49. Bryansk 379,152
57%
47. Magnitogorsk 410,594
57%
24. Ulyanovsk 617,352
57%
67. Vladikavkaz 295,830
57%
97. Abakan 184,769
54%
64. Cherepovets 305,185
54%
82. Petrozavodsk 234,897
54%
61. Saransk 314,871
54%
91. Syktyvkar 220,580
54%
35. Balashikha 520,962
50%
94. Orsk 189,195
50%
78. Taganrog 245,120
50%
90. Angarsk 221,296
46%
88. Bratsk 224,071
46%
85. Engels 225,428
46%
30. Naberezhnye Chelny 548,434
46%
77. Nalchik 247,054
46%
60. Podolsk 314,934
46%
70. Sterlitamak 277,410
46%
48. Surgut 396,443
46%
37. Cheboksary 497,807
43%
75. Khimki 257,128
43%
81. Komsomolsk on Amur 238,505
43%
83. Korolyov 228,095
43%
79. Nizhnekamsk 241,479
43%
54. Nizhny Tagil 338,966
43%
73. Novorossiysk 262,293
43%
89. Stary Oskol 221,676
43%
69. Yoshkar-Ola 281,248
43%
68. Nizhnevartovsk 283,256
39%
84. Shakhty 226,452
39%
98. Balakovo 184,466
36%
92. Dzerzhinsk 218,630
36%
95. Krasnogorsk 187,634
36%
87. Lyubertsy 224,195
36%
76. Mytishchi 255,429
36%
58. Volzhsky 321,479
36%
100. Yuzhno-Sakhalinsk 181,587
36%
96. Armavir 187,177
32%
99. Biysk 183,852
29%
86. Velikiy Novgorod 224,286
21%
No matching quizzes found
Score Distribution
Percent of People with Each Score
Percentile by Number Answered
Your Score History
You have not taken this quiz